Vanishing Phoenix / (Record no. 543)

MARC details
000 -LEADER
fixed length control field 01293cam a22003257a 4500
005 - DATE AND TIME OF LATEST TRANSACTION
control field 20260322212024.0
008 - FIXED-LENGTH DATA ELEMENTS--GENERAL INFORMATION
fixed length control field data
010 ## - LIBRARY OF CONGRESS CONTROL NUMBER
LC control number 2009934027
020 ## - INTERNATIONAL STANDARD BOOK NUMBER
International Standard Book Number 9780738578811
020 ## - INTERNATIONAL STANDARD BOOK NUMBER
International Standard Book Number 0738578819
040 ## - CATALOGING SOURCE
Original cataloging agency IMF
Transcribing agency IMF
Modifying agency DLC
-- DLC
042 ## - AUTHENTICATION CODE
Authentication code lccopycat
043 ## - GEOGRAPHIC AREA CODE
Geographic area code n-us-az
050 00 - LIBRARY OF CONGRESS CALL NUMBER
Classification number F819.P57
Item number M456 2009
099 ## - LOCAL FREE-TEXT CALL NUMBER (OCLC)
Classification number 979.1 M456 2009
001 - CONTROL NUMBER
control field data
100 1# - MAIN ENTRY--PERSONAL NAME
Personal name Melikian, Robert A.
245 10 - TITLE STATEMENT
Title Vanishing Phoenix /
Statement of responsibility, etc. Robert A. Melikian.
260 ## - PUBLICATION, DISTRIBUTION, ETC.
Place of publication, distribution, etc. Charleston, S.C. :
Name of publisher, distributor, etc. Arcadia Pub.,
Date of publication, distribution, etc. c2009.
300 ## - PHYSICAL DESCRIPTION
Extent 127 p. :
Other physical details chiefly ill., map ;
Dimensions 24 cm.
490 0# - SERIES STATEMENT
Series statement Images of America
500 ## - GENERAL NOTE
General note Includes images from the Arizona State University McLaughlin Collection, the Phoenix Museum of History and private collections.
505 0# - FORMATTED CONTENTS NOTE
Formatted contents note Lost buildings -- Forgotten homes -- Wonderful past businesses and places -- The fabulous Fox West Coast Theatre.
650 #0 - SUBJECT ADDED ENTRY--TOPICAL TERM
Topical term or geographic name entry element Historic buildings
Geographic subdivision Phoenix
-- Phoenix
Form subdivision Pictorial works.
651 #0 - SUBJECT ADDED ENTRY--GEOGRAPHIC NAME
Geographic name Phoenix (Ariz.)
General subdivision History
Form subdivision Pictorial works.
651 #0 - SUBJECT ADDED ENTRY--GEOGRAPHIC NAME
Geographic name Phoenix (Ariz.)
General subdivision Buildings, structures, etc.
Form subdivision Pictorial works.
906 ## - LOCAL DATA ELEMENT F, LDF (RLIN)
a 7
b cbc
c copycat
d 3
e epcn
f 20
g y-gencatlg
925 0# -
-- acquire
-- 2 shelf copies
-- policy default
Holdings
Withdrawn status Lost status Damaged status Not for loan Home library Current library Shelving location Date acquired Total checkouts Full call number Barcode Date last seen Price effective from Koha item type
        Pleasant Valley Pleasant Valley General stacks 22/03/2026   F819.P57 M456 2009 BC0010556 22/03/2026 22/03/2026 Books